[Event "Stay Safe Play From Home 232"]
[Site "Emanuel Lasker Arena"]
[Date "2020.06.17"]
[Round "8"]
[White "Don59as"]
[Black "Broken sword"]
[Result "0-1"]
[WhiteElo "2104"]
[BlackElo "2473"]
[Annotator "NA RC"]
[PlyCount "32"]
[EventDate "2020.06.17"]
[EventType "swiss (blitz)"]

1. c4 {[%emt 0:00:02]} c6 {[%emt 0:00:02]} 2. e4 {[%emt 0:00:01]} d5 {[%emt 0:00:00]} 3. cxd5 {[%emt 0:00:00]} cxd5 {[%emt 0:00:00]} 4. e5 {[%emt 0:00:00]} Nc6 {[%emt 0:00:01]} 5. Nf3 {[%emt 0:00:00]} Bg4 {[%emt 0:00:01]} 6. Bb5 {[%emt 0:00:01]} e6 {[%emt 0:00:01]} 7. Qa4 {[%emt 0:00:01]} Bxf3 {[%emt 0:00:04]} 8. Bxc6+ {[%emt 0:00:01]} bxc6 {[%emt 0:00:00]} 9. Qxc6+ {[%emt 0:00:01]} Ke7 {[%emt 0:00:00]} 10. b3 {[%emt 0:00:01]} f6 {[%emt 0:00:01]} 11. Ba3+ {[%emt 0:00:01]} Kf7 {[%emt 0:00:00]} 12. gxf3 {[%emt 0:00:01]} Bxa3 {[%emt 0:00:01]} 13. Nxa3 {[%emt 0:00:00]} Ne7 {[%emt 0:00:00]} 14. Qb7 {[%emt 0:00:02]} fxe5 {[%emt 0:00:01]} 15. O-O {[%emt 0:00:02]} Qc8 {[%emt 0:00:01]} 16. Qb8 {[%emt 0:00:01]} Qxb8 {[%emt 0:00:01] Don59as resigns (Lag: Av=0.36s, max=0.5s)} 0-1

[Event "Stay Safe Play From Home 232"]
[Site "Emanuel Lasker Arena"]
[Date "2020.06.17"]
[Round "8"]
[White "Position"]
[Black "Trotsky"]
[Result "1/2-1/2"]
[WhiteElo "1970"]
[BlackElo "1439"]
[Annotator "TA"]
[PlyCount "69"]
[EventDate "2020.06.17"]
[EventType "swiss (blitz)"]

{[%evp 9,68,6,18,-8,-5,-23,256,253,267,259,285,274,298,295,293,277,364,370,402,384,427,327,325,313,446,445,634,632,771,763,778,707,680,664,1071,1054,1048,1034,1106,1089,1397,1142,1811,1825,1697,1175,1156,1158,29983,29984,29996,29979,29995,29990,29995,29980,29996,29978,5339,0,0]} 1. e4 c5 2. Nf3 e6 3. d3 d5 4. Be2 d4 5. O-O Nc6 {[#]} 6. Bf4 $146 {B40: Sicilian: 2...e6, Unusual lines.} ({Predecessor:} 6. c3 Nge7 7. Nbd2 Ng6 8. Nc4 b5 9. Ncd2 Be7 10. c4 a6 11. Nb3 Bb7 12. cxb5 axb5 {0-1 (34) Littek,O (982)-Barche,U (1187) Solingen 2013}) 6... Bd6 7. e5 (7. Bxd6 {keeps more tension.} Qxd6 8. Nbd2 e5 9. Nc4 Qb8 10. c3) 7... Nxe5 $2 {[%mdl 8192]} (7... Bc7 $11 {and Black is okay.}) 8. Bxe5 $18 {White has a decisive advantage.} ({Not} 8. Nxe5 f6 $16) 8... Bxe5 9. Nxe5 Qc7 10. Nf3 Nf6 11. Re1 Bd7 12. Bf1 O-O-O 13. Nbd2 {[%cal Bb1d2,Bd2c4,Bc4e5,Be5c6][%mdl 32]} Ng4 14. h3 h5 15. Nc4 Bc6 {[#] Threatens to win with ...Bxf3.} 16. Nce5 ({But not} 16. hxg4 hxg4 17. Nfe5 Rh4 $18) 16... f6 (16... Nxe5 $142 17. Nxe5 Bd5) 17. Nxc6 ({Don't do} 17. hxg4 hxg4 18. Nxg4 Qf4 $18) 17... bxc6 (17... Qxc6 $142 18. hxg4 hxg4) 18. Rxe6 g5 19. Qe2 Kb7 20. Re7 Rd7 21. Re1 Rhd8 22. hxg4 hxg4 23. Nd2 Rh8 24. g3 f5 25. Bg2 f4 26. Rxd7 Qxd7 {[#]} 27. Qe7 $1 Qxe7 28. Rxe7+ Kb6 29. Nc4+ Kb5 30. Be4 fxg3 31. fxg3 Rh3 32. Kg2 Rh8 33. Rb7+ Ka6 34. Bxc6 $2 ({White should try} 34. Rc7 $18 Rh6 35. Bf5) 34... Rh2+ $1 $11 35. Kxh2 {Accuracy: White = 74%, Black = 29%.} 1/2-1/2

[Event "Stay Safe Play From Home 232"]
[Site "Emanuel Lasker Arena"]
[Date "2020.06.17"]
[Round "8"]
[White "Emresenar"]
[Black "Shyamph1980"]
[Result "1-0"]
[WhiteElo "1821"]
[BlackElo "1479"]
[Annotator "NA RC"]
[PlyCount "59"]
[EventDate "2020.06.17"]
[EventType "swiss (blitz)"]

1. e4 {[%emt 0:00:02]} e5 {[%emt 0:00:01]} 2. Nf3 {[%emt 0:00:00]} Nf6 {[%emt 0:00:01]} 3. Bc4 {[%emt 0:00:01]} d6 {[%emt 0:00:01]} 4. Nc3 {[%emt 0:00:03]} Be7 {[%emt 0:00:01]} 5. O-O {[%emt 0:00:01]} O-O {[%emt 0:00:01]} 6. d4 {[%emt 0:00:00]} exd4 {[%emt 0:00:03]} 7. Nxd4 {[%emt 0:00:01]} Nc6 {[%emt 0:00:01]} 8. Nf5 {[%emt 0:00:03]} Bxf5 {[%emt 0:00:02]} 9. exf5 {[%emt 0:00:00]} Ne5 {[%emt 0:00:01]} 10. Bb3 {[%emt 0:00:02]} Qd7 {[%emt 0:00:01]} 11. Bg5 {[%emt 0:00:03]} Qxf5 {[%emt 0:00:02]} 12. f4 {[%emt 0:00:06]} Neg4 {[%emt 0:00:06]} 13. Qf3 {[%emt 0:00:06]} h6 {[%emt 0:00:02]} 14. Bh4 {[%emt 0:00:03]} Qc5+ {[%emt 0:00:06]} 15. Bf2 {[%emt 0:00:05]} Qh5 {[%emt 0:00:01]} 16. h3 {[%emt 0:00:02]} Nxf2 {[%emt 0:00:02]} 17. Rxf2 {[%emt 0:00:04]} Qxf3 {[%emt 0:00:01]} 18. Rxf3 {[%emt 0:00:00]} Nh5 {[%emt 0:00:02]} 19. Re3 {[%emt 0:00:01]} Rfe8 {[%emt 0:00:05]} 20. Nd5 {[%emt 0:00:01]} Bh4 {[%emt 0:00:04]} 21. Rxe8+ {[%emt 0:00:03]} Rxe8 {[%emt 0:00:02]} 22. g4 {[%emt 0:00:01]} c6 {[%emt 0:00:05]} 23. Nc3 {[%emt 0:00:03]} Nxf4 {[%emt 0:00:02]} 24. Rf1 {[%emt 0:00:02]} Ng6 {[%emt 0:00:01]} 25. Kg2 {[%emt 0:00:01]} Kf8 {[%emt 0:00:03]} 26. Bxf7 {[%emt 0:00:01]} Re7 {[%emt 0:00:01]} 27. Bxg6+ {[%emt 0:00:01]} Kg8 {[%emt 0:00:01]} 28. Bf5 {[%emt 0:00:01]} Kh8 {[%emt 0:00:01]} 29. Rf3 {[%emt 0:00:01]} Bf6 {[%emt 0:00:00]} 30. Ne4 {[%emt 0:00:01] Time} 1-0

[Event "Stay Safe Play From Home 232"]
[Site "Emanuel Lasker Arena"]
[Date "2020.06.17"]
[Round "8"]
[White "Grizzzly"]
[Black "Bardellosport"]
[Result "1-0"]
[WhiteElo "1795"]
[BlackElo "2108"]
[Annotator "TA"]
[PlyCount "47"]
[EventDate "2020.06.17"]
[EventType "swiss (blitz)"]

{[%evp 12,46,29,39,98,43,40,39,50,26,28,25,51,6,20,-154,-141,-149,-124,-129,-132,-161,-109,-116,-116,-143,201,207,754,747,753,750,708,724,29998,29999,29999]} 1. d4 d5 2. c4 c6 3. cxd5 cxd5 4. Nc3 e6 5. Nf3 f5 6. Bf4 Nf6 7. e3 Bd6 {[#] A84: Dutch Defence: 2 c4 Miscellaneous.} (7... Nc6 $14) 8. Bd3 $146 (8. Bb5+ $16 Nc6 9. O-O) ({Predecessor:} 8. Bxd6 Qxd6 9. Rc1 O-O 10. Be2 Ne4 11. O-O a6 12. Nxe4 fxe4 13. Nd2 Nc6 14. a3 Rf6 15. b4 {1-0 (74) Liu,E (1615)-Su,E (1759) chess.com INT 2020}) 8... Bxf4 $14 9. exf4 Ne4 {White is slightly better.} 10. Ne5 {Hoping for Bxe4.} O-O 11. O-O Nc6 12. f3 Nxe5 13. fxe4 $2 (13. fxe5 $11 Nxc3 14. bxc3) 13... Nxd3 $17 ({Don't take} 13... dxe4 14. dxe5 Qb6+ 15. Kh1 $15) 14. Qxd3 dxe4 15. Qc4 Bd7 16. d5 Qe7 (16... Qb6+ $19 17. Kh1 Rfc8) 17. Rad1 Rac8 18. Qb3 {[#]} exd5 $2 {[%mdl 8192] A mistake that costs the game.} (18... b5 $1 $17 {[%mdl 512] stays on course.} 19. Rfe1 (19. Nxb5 Qc5+) 19... a6) 19. Nxd5 $18 Qf7 $2 (19... Qe6) 20. Ne7+ $1 {[%mdl 64] Double Attack, Discovered Attack} Kh8 21. Qxf7 Rxf7 22. Nxc8 Bxc8 23. Rd8+ {[%mdl 64] [#] Double Attack} Rf8 24. Rxf8# {Accuracy: White = 48%, Black = 45%.} 1-0

[Event "Stay Safe Play From Home 232"]
[Site "Emanuel Lasker Arena"]
[Date "2020.06.17"]
[Round "8"]
[White "Tartak"]
[Black "Fischer_11"]
[Result "0-1"]
[WhiteElo "1778"]
[BlackElo "2035"]
[Annotator "NA RC"]
[PlyCount "100"]
[EventDate "2020.06.17"]
[EventType "swiss (blitz)"]

1. d4 {[%emt 0:00:01]} e5 {[%emt 0:00:01]} 2. dxe5 {[%emt 0:00:01]} Nc6 {[%emt 0:00:00]} 3. Nf3 {[%emt 0:00:01]} Qe7 {[%emt 0:00:01]} 4. e4 {[%emt 0:00:01]} Nxe5 {[%emt 0:00:01]} 5. Bd3 {[%emt 0:00:01]} Nxd3+ {[%emt 0:00:01]} 6. cxd3 {[%emt 0:00:01]} d6 {[%emt 0:00:00]} 7. Be3 {[%emt 0:00:01]} Bg4 {[%emt 0:00:00]} 8. Nc3 {[%emt 0:00:01]} Qf6 {[%emt 0:00:01]} 9. Qd2 {[%emt 0:00:03]} Bxf3 {[%emt 0:00:01]} 10. gxf3 {[%emt 0:00:01]} Qxf3 {[%emt 0:00:02]} 11. Rg1 {[%emt 0:00:01]} O-O-O {[%emt 0:00:02]} 12. Rg3 {[%emt 0:00:01]} Qf6 {[%emt 0:00:02]} 13. O-O-O {[%emt 0:00:02]} Ne7 {[%emt 0:00:02]} 14. Bxa7 {[%emt 0:00:03]} b6 {[%emt 0:00:03]} 15. Bxb6 {[%emt 0:00:01]} cxb6 {[%emt 0:00:01]} 16. Nb5 {[%emt 0:00:01]} Kb7 {[%emt 0:00:02]} 17. d4 {[%emt 0:00:01]} Rc8+ {[%emt 0:00:01]} 18. Kb1 {[%emt 0:00:01]} Nc6 {[%emt 0:00:02]} 19. Ra3 {[%emt 0:00:02]} d5 {[%emt 0:00:03]} 20. exd5 {[%emt 0:00:02]} Bxa3 {[%emt 0:00:02]} 21. dxc6+ {[%emt 0:00:02]} Rxc6 {[%emt 0:00:00]} 22. bxa3 {[%emt 0:00:04]} Rhc8 {[%emt 0:00:02]} 23. d5 {[%emt 0:00:05]} Qf5+ {[%emt 0:00:01]} 24. Ka1 {[%emt 0:00:01]} Rc2 {[%emt 0:00:01]} 25. Nd6+ {[%emt 0:00:02]} Kb8 {[%emt 0:00:05]} 26. Nxf5 {[%emt 0:00:01]} Rxd2 {[%emt 0:00:00]} 27. Rxd2 {[%emt 0:00:01]} g6 {[%emt 0:00:01]} 28. Ne7 {[%emt 0:00:01]} Rd8 {[%emt 0:00:01]} 29. Nc6+ {[%emt 0:00:02]} Kc7 {[%emt 0:00:00]} 30. Nxd8 {[%emt 0:00:00]} Kxd8 {[%emt 0:00:00]} 31. d6 {[%emt 0:00:00]} Kd7 {[%emt 0:00:00]} 32. Kb1 {[%emt 0:00:00]} f6 {[%emt 0:00:00]} 33. Kb2 {[%emt 0:00:00]} h5 {[%emt 0:00:00]} 34. Kb3 {[%emt 0:00:00]} g5 {[%emt 0:00:00]} 35. Kb4 {[%emt 0:00:01]} f5 {[%emt 0:00:00]} 36. Kb5 {[%emt 0:00:01]} f4 {[%emt 0:00:00]} 37. Kxb6 {[%emt 0:00:01]} g4 {[%emt 0:00:00]} 38. Re2 {[%emt 0:00:01]} h4 {[%emt 0:00:00]} 39. Re7+ {[%emt 0:00:02]} Kxd6 {[%emt 0:00:01]} 40. Rf7 {[%emt 0:00:02]} f3 {[%emt 0:00:01]} 41. Rf4 {[%emt 0:00:02]} Ke5 {[%emt 0:00:00]} 42. Rxg4 {[%emt 0:00:01]} h3 {[%emt 0:00:00]} 43. Rh4 {[%emt 0:00:00]} Kf5 {[%emt 0:00:01]} 44. a4 {[%emt 0:00:01]} Kg5 {[%emt 0:00:01]} 45. Rb4 {[%emt 0:00:00]} Kf5 {[%emt 0:00:01]} 46. a5 {[%emt 0:00:00]} Ke5 {[%emt 0:00:00]} 47. a6 {[%emt 0:00:00]} Kd5 {[%emt 0:00:00]} 48. a7 {[%emt 0:00:01]} Ke5 {[%emt 0:00:00]} 49. a8=Q {[%emt 0:00:00]} Kf5 {[%emt 0:00:00]} 50. Qxf3+ {[%emt 0:00:01]} Kg5 {[%emt 0:00:00] Time (Lag: Av=0.67s, max=1.3s)} 0-1

[Event "Stay Safe Play From Home 232"]
[Site "Emanuel Lasker Arena"]
[Date "2020.06.17"]
[Round "9"]
[White "Broken sword"]
[Black "Grizzzly"]
[Result "1-0"]
[WhiteElo "2477"]
[BlackElo "1824"]
[Annotator "TA"]
[PlyCount "47"]
[EventDate "2020.06.17"]
[EventType "swiss (blitz)"]

{[%evp 12,47,30,-17,16,0,2,0,25,10,64,59,91,49,55,58,79,57,87,85,86,0,99,89,247,252,373,381,386,328,387,370,458,471,29985,29986,29997,29998]} 1. d4 d5 2. c4 e6 3. Nc3 Nf6 4. Nf3 Nbd7 5. Bg5 c6 6. e3 Qa5 7. Qb3 Bb4 {D52: Queen's Gambit Declined: Cambridge Springs Variation.} 8. Rc1 Ne4 {[#] Hoping for ...dxc4.} 9. Bf4 O-O {The position is equal.} 10. Bd3 Ndf6 ({Black should try} 10... b6 $11) 11. O-O $14 {[#]} Re8 $146 ({Predecessor:} 11... Bxc3 12. bxc3 b6 13. cxd5 exd5 14. c4 Bg4 15. Rfe1 Bxf3 16. gxf3 Nd2 17. Qd1 dxc4 18. Bxc4 Nxc4 19. Rxc4 {0-1 (44) Shevtsov,M (1728)-Galimov,A Kazan 2016}) 12. Be5 Bxc3 13. bxc3 dxc4 14. Bxc4 {aiming for Qc2.} Nd5 {[%cal Rd5c3]} 15. Bd3 Ndxc3 16. Kh1 (16. Ng5 $16 Nxg5 17. Rxc3) 16... f5 (16... f6 $11) 17. Qc2 $16 Qxa2 $2 {[#] This move loses the game for Black.} (17... Rf8 $16) 18. Bxe4 $1 $18 fxe4 (18... Qxc2 {was called for.} 19. Bxc2 a5) 19. Qxc3 exf3 20. gxf3 Qd5 21. e4 Qd7 22. Rg1 Rf8 (22... g6 $18 23. Qe3 Rf8) 23. Rxg7+ Kh8 24. Rxd7+ {[%mdl 64] Discovered Attack. Accuracy: White = 81%, Black = 30%.} 1-0

[Event "Stay Safe Play From Home 232"]
[Site "Emanuel Lasker Arena"]
[Date "2020.06.17"]
[Round "9"]
[White "Lazieri3"]
[Black "Lamborghini"]
[Result "1-0"]
[WhiteElo "2107"]
[BlackElo "2220"]
[Annotator "TA"]
[PlyCount "81"]
[EventDate "2020.06.17"]
[EventType "swiss (blitz)"]

{[%evp 9,81,-40,-15,-18,0,-1,0,7,30,8,7,11,10,10,26,14,27,12,15,18,26,22,25,10,15,16,14,-55,-42,-37,-23,-36,-33,-37,0,-45,-14,-47,-10,-32,5,-204,-61,-236,-236,-239,-245,-232,-237,-248,-242,-331,-324,-322,-274,-266,-156,-184,-121,-148,-149,-164,-155,-145,-116,-159,-172,-171,-166,-283,-283,-286,-296,-150]} 1. e4 c5 2. Nc3 e6 3. d3 a6 4. Nf3 d5 5. Bg5 Be7 (5... f6 {feels hotter.} 6. Bd2 d4 7. Ne2 Nc6 8. Ng3 Bd6) 6. Bxe7 {B40: Sicilian: 2...e6, Unusual lines.} Nxe7 {[#]} 7. exd5 $146 ({Predecessor:} 7. d4 cxd4 8. Qxd4 O-O 9. exd5 exd5 10. Bd3 Nbc6 11. Qh4 Bf5 12. O-O-O Bxd3 13. Rxd3 {0-1 (58) Sana,M (2132)-Sheng,J (2236) Orlando 2014}) 7... exd5 8. d4 {The position is equal.} cxd4 9. Nxd4 (9. Qxd4 {looks sharper.} O-O 10. O-O-O Nbc6 11. Qh4 Qb6 12. Bd3) 9... O-O 10. Be2 Nbc6 11. O-O Qb6 12. Nxc6 bxc6 13. b3 Bf5 14. Na4 Qc7 15. Bd3 Rfe8 16. h3 Bxd3 17. Qxd3 Ng6 18. Nc5 (18. Rae1 $11) 18... Qd6 {...Nf4 is the strong threat.} 19. b4 a5 $36 {[%mdl 2048] Black is more active.} 20. a3 Nf4 21. Qf3 $1 Re7 22. c3 Rae8 23. Rfd1 axb4 24. axb4 Qf6 25. b5 $2 (25. Kh2 $11 {and White has nothing to worry.}) 25... cxb5 (25... Ne2+ $19 26. Kh1 Qxf3 27. gxf3 Nxc3) 26. Nd3 $2 (26. Kh1 $15) 26... Ne2+ $19 {[%mdl 64] [#] Double Attack} 27. Kh1 Qxf3 ({Don't do} 27... Qxc3 28. Qxd5 Qc4 29. Qd6 $17) ({Much less strong is} 27... Nxc3 28. Qxf6 gxf6 29. Rdc1) 28. gxf3 Nxc3 29. Rd2 d4 30. Nc5 Re1+ 31. Rxe1 Rxe1+ {[%mdl 4096] Endgame KRN-KRN} 32. Kg2 g6 (32... Rd1 $19 33. Rxd1 Nxd1) 33. Rxd4 $17 Ra1 (33... Kg7 $19 34. f4 Kf6) 34. Rd8+ Kg7 35. Rb8 Rb1 36. Ne4 Ne2 37. Nd6 b4 {[%cal Bb5b4,Bb4b3,Bb3b2][%mdl 32]} 38. Rb7 b3 {Threatens to win with ...b2.} 39. Rxf7+ {[#]} (39. Ne4 $142) 39... Kg8 $1 $19 40. Rb7 b2 {And now ...Rg1+ would win.} 41. Rb8+ {[%mdl 32768] Accuracy: White = 52%, Black = 60%. . Loss on time!?} ({Better is} 41. f4 $19) 1-0

[Event "Stay Safe Play From Home 232"]
[Site "Emanuel Lasker Arena"]
[Date "2020.06.17"]
[Round "9"]
[White "Bardellosport"]
[Black "Mepe_Nika"]
[Result "0-1"]
[WhiteElo "2079"]
[BlackElo "2327"]
[Annotator "TA"]
[PlyCount "74"]
[EventDate "2020.06.17"]
[EventType "swiss (blitz)"]

{[%evp 9,74,8,0,-6,-4,-7,-7,-11,-6,4,2,-12,-5,-12,-7,-50,-46,-49,-44,-61,30,10,0,-46,-63,-79,-75,-78,-58,-84,-40,-89,-54,-83,-92,-153,-116,-97,-61,-183,-121,-190,-134,-272,-102,-206,-132,-195,-156,-505,-477,-463,-302,-429,-362,-571,-564,-546,-535,-470,-426,-29995,-29996,-29996,-29997,-29998,-29999]} 1. d4 d5 2. e3 Nf6 3. Nf3 Bf5 4. b3 e6 5. Bb2 c5 6. Bd3 {D04: Colle System.} Bxd3 7. Qxd3 cxd4 8. exd4 {[#] The position is equal.} Bb4+ $146 ({Predecessor:} 8... Be7 9. Nbd2 O-O 10. O-O Nc6 11. a3 Qc7 12. Rfe1 Rac8 13. Rac1 Rfd8 14. g3 Qa5 {½-½ (54) Poseck,S (2076)-Jahnz,F (2215) Berlin 2012}) 9. c3 Bd6 10. Nbd2 Nc6 11. Qe2 O-O 12. Ne5 Bxe5 13. dxe5 Nd7 14. f4 f5 (14... Qb6 $15) 15. O-O Nc5 16. Nf3 Ne4 17. Nd4 Nxd4 18. cxd4 Rc8 19. Rac1 Qb6 20. g4 Rc6 21. gxf5 Rxf5 22. Kh1 (22. Rxc6 $142 bxc6 23. Kh1) 22... h6 23. Rxc6 Qxc6 24. Qg2 (24. Bc1 $1 $15) 24... Qe8 ({Black should try} 24... Qa6 $19 25. Bc1 Qd3) 25. Rg1 (25. Bc1 $17) 25... Rf7 (25... Qf7 $19 26. Bc1 {[#]} Rg5 $1 {[%mdl 512]}) 26. Qg6 (26. Bc1 $17) 26... Re7 $2 (26... Qb5 $19 {and Black stays clearly on top. aiming for ...Qe2.} 27. Qg2 (27. Qxe6 $2 Nf2+ 28. Kg2 Qe2 $19) 27... Qd3) 27. Qg2 (27. Qxe8+ $17 Rxe8 28. Kg2) 27... Qh5 28. Ba3 (28. Bc1 $17) 28... Rf7 {White must now prevent ...Qh4.} 29. Bd6 $2 {[#]} (29. Bc1 $17 {is tougher.}) 29... Qh4 $1 $19 {[%mdl 512] ( -> ...Nf2+)} 30. Rf1 Kh7 31. Kg1 (31. Bb4 {is a better defense.}) 31... Rf5 32. Rf3 (32. Qe2 {was called for.}) 32... Qe1+ 33. Rf1 Qe3+ 34. Kh1 Rxf4 35. Rg1 (35. Rxf4 $19 Qxf4 36. Qe2) 35... Nf2+ {Black mates.} 36. Qxf2 Rxf2 37. Bf8 Qf3+ {[%mdl 64] Double Attack. Accuracy: White = 24%, Black = 46%.} 0-1

[Event "Stay Safe Play From Home 232"]
[Site "Emanuel Lasker Arena"]
[Date "2020.06.17"]
[Round "9"]
[White "Fischer_11"]
[Black "SoulofWolf"]
[Result "0-1"]
[WhiteElo "2041"]
[BlackElo "2169"]
[Annotator "NA RC"]
[PlyCount "36"]
[EventDate "2020.06.17"]
[EventType "swiss (blitz)"]

1. e4 {[%emt 0:00:01]} g5 {[%emt 0:00:00]} 2. d4 {[%emt 0:00:01]} h6 {[%emt 0:00:00]} 3. Nc3 {[%emt 0:00:01]} a6 {[%emt 0:00:01]} 4. Be3 {[%emt 0:00:00]} b5 {[%emt 0:00:01]} 5. Qd2 {[%emt 0:00:00]} b4 {[%emt 0:00:00]} 6. a3 {[%emt 0:00:01]} bxc3 {[%emt 0:00:01]} 7. Qxc3 {[%emt 0:00:00]} e6 {[%emt 0:00:00]} 8. d5 {[%emt 0:00:01]} e5 {[%emt 0:00:02]} 9. h4 {[%emt 0:00:03]} g4 {[%emt 0:00:02]} 10. f3 {[%emt 0:00:02]} d6 {[%emt 0:00:01]} 11. fxg4 {[%emt 0:00:01]} Bxg4 {[%emt 0:00:01]} 12. Be2 {[%emt 0:00:00]} Bd7 {[%emt 0:00:01]} 13. O-O-O {[%emt 0:00:02]} Nf6 {[%emt 0:00:01]} 14. Nf3 {[%emt 0:00:00]} Nxe4 {[%emt 0:00:01]} 15. Qd3 {[%emt 0:00:02]} f5 {[%emt 0:00:00]} 16. h5 {[%emt 0:00:02]} Ng3 {[%emt 0:00:01]} 17. Rh4 {[%emt 0:00:05]} e4 {[%emt 0:00:03]} 18. Qc3 {[%emt 0:00:03]} Nxe2+ {[%emt 0:00:01] Fischer_11 gibt auf (Lag: Av=0.33s, max=0.6s)} 0-1

[Event "Stay Safe Play From Home 232"]
[Site "Emanuel Lasker Arena"]
[Date "2020.06.17"]
[Round "9"]
[White "Emresenar"]
[Black "Tartak"]
[Result "1-0"]
[WhiteElo "1826"]
[BlackElo "1771"]
[Annotator "NA RC"]
[PlyCount "89"]
[EventDate "2020.06.17"]
[EventType "swiss (blitz)"]

1. e4 {[%emt 0:00:01]} e6 {[%emt 0:00:01]} 2. Nf3 {[%emt 0:00:01]} d5 {[%emt 0:00:01]} 3. exd5 {[%emt 0:00:00]} exd5 {[%emt 0:00:00]} 4. d4 {[%emt 0:00:00]} Nc6 {[%emt 0:00:01]} 5. Bd3 {[%emt 0:00:00]} Be6 {[%emt 0:00:01]} 6. O-O {[%emt 0:00:00]} Nf6 {[%emt 0:00:00]} 7. Re1 {[%emt 0:00:00]} Be7 {[%emt 0:00:01]} 8. c3 {[%emt 0:00:01]} O-O {[%emt 0:00:01]} 9. Bg5 {[%emt 0:00:00]} Ne4 {[%emt 0:00:01]} 10. Bxe7 {[%emt 0:00:02]} Nxe7 {[%emt 0:00:01]} 11. Bxe4 {[%emt 0:00:00]} dxe4 {[%emt 0:00:00]} 12. Rxe4 {[%emt 0:00:00]} Bd5 {[%emt 0:00:01]} 13. Re1 {[%emt 0:00:01]} c6 {[%emt 0:00:01]} 14. Ne5 {[%emt 0:00:01]} Nf5 {[%emt 0:00:02]} 15. Nd2 {[%emt 0:00:02]} Qd6 {[%emt 0:00:01]} 16. Ndf3 {[%emt 0:00:01]} f6 {[%emt 0:00:01]} 17. Ng4 {[%emt 0:00:01]} Rae8 {[%emt 0:00:03]} 18. Ne3 {[%emt 0:00:01]} Nxe3 {[%emt 0:00:01]} 19. Rxe3 {[%emt 0:00:00]} Rxe3 {[%emt 0:00:01]} 20. fxe3 {[%emt 0:00:00]} Re8 {[%emt 0:00:01]} 21. Qd2 {[%emt 0:00:01]} Qe6 {[%emt 0:00:02]} 22. Re1 {[%emt 0:00:01]} Qg4 {[%emt 0:00:01]} 23. Qf2 {[%emt 0:00:02]} h5 {[%emt 0:00:02]} 24. h3 {[%emt 0:00:01]} Qf5 {[%emt 0:00:03]} 25. Nh4 {[%emt 0:00:05]} Qg6 {[%emt 0:00:01]} 26. Nxg6 {[%emt 0:00:01]} Kf7 {[%emt 0:00:01]} 27. Nf4 {[%emt 0:00:02]} Be4 {[%emt 0:00:01]} 28. Nxh5 {[%emt 0:00:01]} Kg6 {[%emt 0:00:01]} 29. Ng3 {[%emt 0:00:01]} Kh7 {[%emt 0:00:01]} 30. Nxe4 {[%emt 0:00:01]} Rxe4 {[%emt 0:00:00]} 31. Qf5+ {[%emt 0:00:00]} g6 {[%emt 0:00:01]} 32. Qxe4 {[%emt 0:00:00]} Kh6 {[%emt 0:00:00]} 33. Rf1 {[%emt 0:00:01]} f5 {[%emt 0:00:01]} 34. Qe8 {[%emt 0:00:01]} Kg5 {[%emt 0:00:01]} 35. g3 {[%emt 0:00:01]} f4 {[%emt 0:00:01]} 36. exf4+ {[%emt 0:00:01]} Kh5 {[%emt 0:00:01]} 37. g4+ {[%emt 0:00:01]} Kh4 {[%emt 0:00:01]} 38. Kg2 {[%emt 0:00:01]} g5 {[%emt 0:00:02]} 39. Qg6 {[%emt 0:00:03]} gxf4 {[%emt 0:00:02]} 40. a3 {[%emt 0:00:03]} f3+ {[%emt 0:00:01]} 41. Rxf3 {[%emt 0:00:02]} c5 {[%emt 0:00:00]} 42. d5 {[%emt 0:00:01]} b5 {[%emt 0:00:01]} 43. d6 {[%emt 0:00:01]} a5 {[%emt 0:00:01]} 44. d7 {[%emt 0:00:01]} b4 {[%emt 0:00:00]} 45. d8=Q# {[%emt 0:00:02] (Lag: Av=0.87s, max=1.3s)} 1-0

[Event "Stay Safe Play From Home 232"]
[Site "Emanuel Lasker Arena"]
[Date "2020.06.17"]
[Round "9"]
[White "Das opfer"]
[Black "Position"]
[Result "0-1"]
[WhiteElo "1617"]
[BlackElo "1954"]
[Annotator "TA"]
[PlyCount "68"]
[EventDate "2020.06.17"]
[EventType "swiss (blitz)"]

{[%evp 9,68,-35,33,-14,-15,-53,33,-82,-12,-5,12,10,34,26,41,35,35,17,43,33,115,14,129,35,295,295,272,0,0,0,0,-97,85,-82,62,-396,-366,-526,-527,-507,-505,-512,-512,-490,-490,-520,-494,-444,-425,-700,-698,-677,-691,-689,-669,-675,-656,-672,-650,-29994,-29995]} 1. e4 c5 2. d4 cxd4 3. Nf3 d6 4. Bc4 a6 5. c3 e6 (5... dxc3 $15 6. Nxc3 e6) 6. O-O {B53: Sicilian: 2...d6: Lines with Qxd4.} Nf6 7. Re1 Be7 {[#]} (7... b5 $15 8. Bb3 dxc3) 8. h3 $146 (8. cxd4 $14 {stays ahead.} O-O 9. Bd3) ({Predecessor:} 8. cxd4 d5 9. exd5 exd5 10. Bb3 Bg4 11. Bg5 O-O 12. Bxf6 Bxf6 13. Nc3 Nc6 14. Nxd5 Bxd4 {0-1 (54) De Sousa,V-Nery Junior,J (2075) Betim 2014}) 8... O-O ({Better is} 8... dxc3 $17 {And now ...b5 would win.} 9. Nxc3 b5) 9. cxd4 $11 d5 10. exd5 exd5 (10... b5 $5 {[%cal Rb5c4]} 11. Bd3 Nxd5 $11) 11. Bd3 $36 {[%mdl 2048] White fights for an advantage.} Nc6 12. Nc3 Be6 13. Bf4 h6 14. Qd2 Rc8 {[#]} (14... Re8 $14) 15. Rad1 (15. Bxh6 $1 $16 {[%mdl 512]} Nd7 (15... gxh6 16. Qxh6) 16. Bf4) 15... Na5 (15... Re8 $11) 16. Ne5 (16. Bxh6 $1 $16 Nc4 17. Bxc4 (17. Qg5 Ne8 $16) 17... Rxc4 18. Qg5 $1 {[%mdl 512]}) 16... Nc4 $2 {[%mdl 8192]} ({Black should play} 16... Re8 $1 $14) 17. Bxc4 $1 $18 dxc4 18. Bxh6 $2 (18. d5 $18 Nxd5 19. Nxd5) 18... gxh6 $11 19. Qxh6 Nd5 20. Re4 (20. Nxd5 $11 {keeps the balance.} Bxd5 21. Ng6 $1 {[%mdl 512]}) 20... Nxc3 $2 {[#]} (20... Bf5 $17 21. Qh5 Bg5) 21. bxc3 $2 (21. Ng6 $1 $16 {[%csl Gg6][%cal Rh6h8]} Ne2+ 22. Rxe2 fxg6 23. Qxg6+ (23. Rxe6 Rf6 $11) 23... Kh8 24. Rxe6) 21... Bf5 (21... Bg5 $17 22. Qh5 Bf5) 22. Rf4 $2 {[%mdl 8192]} (22. Re3 $1 $14 Bg5 23. Rg3) 22... Bg5 $19 {[%mdl 64] Double Attack} 23. Qh5 (23. Qxf8+ {was forced.} Qxf8 24. Rxf5) 23... Bxf4 24. Qxf5 Bxe5 25. Qxe5 Rc6 26. Re1 Rg6 27. Re3 Qf6 28. Qe4 Qg5 29. Rg3 (29. Qxb7 $142 Kg7 30. g3) 29... Qc1+ 30. Kh2 Rxg3 31. fxg3 {intending Qg4+.} Qg5 32. h4 Qg6 33. Qxb7 Re8 34. Qxa6 Qxa6 {Accuracy: White = 31%, Black = 44%.} 0-1